AKTIVITA NIEKTORÝCH BUNKOVÝCH ELEMENTOV V REGENERÁCII KOSTROVÉHO SVALSTVA

Bibliographic Details
Main Authors: Hoja, Štefan, 1924-1973 (Author), Půža, Vladimír (Author), Šprincl, Ladislav (Author)
Format: Article
Language:Slovak

MARC

LEADER 00000nab a2200000uu 4500
001 vtls011447719
003 SK-MaSNL
005 20260303122920.0
008 230213|1962 xo |||||||||||||||||slo|
015 |a SNBRB 
035 |a (urnnbn)urn:nbn:sk:snk:ar-00505a 
035 |a (uuid)ce5f77a4-a4a5-45e8-bd90-b60376139930 
035 |a urn:nbn:sk:snk-abckj2 
040 |a SNKBUCL  |b slo  |c SNKBUCL  |e AACR2 
041 0 |a slo 
044 |a xo  |c SK 
100 1 |a Hoja, Štefan,  |d 1924-1973  |4 aut  |9 200189 
245 1 0 |a AKTIVITA NIEKTORÝCH BUNKOVÝCH ELEMENTOV V REGENERÁCII KOSTROVÉHO SVALSTVA  |c Štefan Hoja, Vladimír Půža, Ladislav Šprincl 
700 1 |a Půža, Vladimír  |4 aut  |9 939570 
700 1 |a Šprincl, Ladislav  |4 aut  |9 1138282 
773 0 |t Biológia : časopis Slovenskej akadémie vied  |g Roč. 17, č. 2 (1962), s. 143-147 
954 |a odborná, vedecká literatúra cudzojazyčná (svetová)  |2 lita 
954 |a odborná, vedecká literatúra pôvodná (slovenská)  |2 lita 
958 |a OND 
958 |a EUIPO 
958 |a article16 
999 |c 1922621  |d 1924551